<?xml version="1.0" encoding="UTF-8"?>
<record
    xmlns:xsi="http://www.w3.org/2001/XMLSchema-instance"
    xsi:schemaLocation="http://www.loc.gov/MARC21/slim http://www.loc.gov/standards/marcxml/schema/MARC21slim.xsd"
    xmlns="http://www.loc.gov/MARC21/slim">

  <leader>01174nam a2200181Ia 4500</leader>
  <datafield tag="952" ind1=" " ind2=" ">
    <subfield code="0">0</subfield>
    <subfield code="1">0</subfield>
    <subfield code="2">lcc</subfield>
    <subfield code="4">0</subfield>
    <subfield code="7">0</subfield>
    <subfield code="a">01</subfield>
    <subfield code="b">01</subfield>
    <subfield code="d">2022-09-10</subfield>
    <subfield code="l">0</subfield>
    <subfield code="o">T353  C26 1991</subfield>
    <subfield code="p">16 001604</subfield>
    <subfield code="r">2023-07-12</subfield>
    <subfield code="t">1</subfield>
    <subfield code="w">2022-09-10</subfield>
    <subfield code="y">LB</subfield>
  </datafield>
  <datafield tag="999" ind1=" " ind2=" ">
    <subfield code="c">68605</subfield>
    <subfield code="d">68605</subfield>
  </datafield>
  <controlfield tag="008">120626s1991    mx a          000 0 spa d</controlfield>
  <datafield tag="020" ind1=" " ind2=" ">
    <subfield code="a">9684321716</subfield>
  </datafield>
  <datafield tag="050" ind1=" " ind2=" ">
    <subfield code="a">T353 </subfield>
    <subfield code="b">C26 1991</subfield>
  </datafield>
  <datafield tag="100" ind1=" " ind2=" ">
    <subfield code="a">Calder&#xF3;n Barqu&#xED;n, Francisco Jos&#xE9;</subfield>
    <subfield code="e">autor</subfield>
  </datafield>
  <datafield tag="245" ind1=" " ind2=" ">
    <subfield code="a">Dibujo t&#xE9;cnico industrial </subfield>
    <subfield code="c">/ Francisco Jos&#xE9; Calder&#xF3;n Barqu&#xED;n</subfield>
  </datafield>
  <datafield tag="250" ind1=" " ind2=" ">
    <subfield code="a">33a. edici&#xF3;n</subfield>
  </datafield>
  <datafield tag="260" ind1=" " ind2=" ">
    <subfield code="a">M&#xE9;xico </subfield>
    <subfield code="b">: Porr&#xFA;a</subfield>
    <subfield code="c">, 1991</subfield>
  </datafield>
  <datafield tag="300" ind1=" " ind2=" ">
    <subfield code="a">120 p&#xE1;ginas</subfield>
    <subfield code="b">: ilustraciones</subfield>
  </datafield>
  <datafield tag="505" ind1=" " ind2=" ">
    <subfield code="a">TOMO I.
I. Tipos de letra
II. Dibujo lineal geom&#xE9;trico
III. Simetr&#xED;a
IV. Reproducci&#xF3;n de figuras
IV. Dibujo de proyecciones
V. Proyecciones ortogr&#xE1;ficas
VI, Escalas
VII. Acotaciones
VIII. Dibujo isom&#xE9;trico
TOMO II.
I. Clasificaci&#xF3;n de elementos
II. Pasador c&#xF3;nico
III. Pasador de horquilla
IV. Chavetas
V. Remaches
VI. Soldaduras
VII. Tornillos
VIII. Cabezas para tornillos
IX. Arandelas
X. Tuercas
XI. Tensores
XII. Acoplamientos
XIII. Anillos de situaci&#xF3;n
XIV. Baleros
XV. Resortes
XVI. Levas y exc&#xE9;ntricas
XVII. Poleas
XVIII. Engranes rectos
XIX. Engranes c&#xF3;nicos
XX. Engranes helicoidales
XXI. Tornillos sin fin</subfield>
  </datafield>
  <datafield tag="519" ind1=" " ind2=" ">
    <subfield code="a"> Complementario / </subfield>
    <subfield code="d"> 16 001604</subfield>
  </datafield>
  <datafield tag="650" ind1=" " ind2="0">
    <subfield code="a">DIBUJO M&#xC9;CANICO</subfield>
  </datafield>
  <datafield tag="942" ind1=" " ind2=" ">
    <subfield code="c">LB</subfield>
    <subfield code="2">lcc</subfield>
  </datafield>
</record>
